By the ages : (Record no. 330989)

000 -LEADER
fixed length control field 01604cam a2200373 a 4500
001 - CONTROL NUMBER
control field 12246262
003 - CONTROL NUMBER IDENTIFIER
control field NUST
005 - DATE AND TIME OF LATEST TRANSACTION
control field 20180117090029.0
008 - FIXED-LENGTH DATA ELEMENTS--GENERAL INFORMATION
fixed length control field 001201s2000 nyua b 001 0 eng d
010 ## - LIBRARY OF CONGRESS CONTROL NUMBER
LC control number 00694635
020 ## - INTERNATIONAL STANDARD BOOK NUMBER
International Standard Book Number 0766820483
035 ## - SYSTEM CONTROL NUMBER
System control number (OCoLC)ocm44085815
040 ## - CATALOGING SOURCE
Original cataloging agency MIA
Transcribing agency MIA
Modifying agency DLC
042 ## - AUTHENTICATION CODE
Authentication code lccopycat
050 00 - LIBRARY OF CONGRESS CALL NUMBER
Classification number BF721
Item number .A55 2000
082 00 - DEWEY DECIMAL CLASSIFICATION NUMBER
Classification number 305.231
Edition number 21
100 1# - MAIN ENTRY--PERSONAL NAME
Personal name Allen, K. Eileen,
Dates associated with a name 1918-
9 (RLIN) 4291
245 10 - TITLE STATEMENT
Title By the ages :
Remainder of title behavior & development of children pre-birth through eight /
Statement of responsibility, etc. K. Eileen Allen, Lynn R. Marotz.
260 ## - PUBLICATION, DISTRIBUTION, ETC.
Place of publication, distribution, etc. Albany, NY :
Name of publisher, distributor, etc. Delmar Thomson Learning,
Date of publication, distribution, etc. c2000.
300 ## - PHYSICAL DESCRIPTION
Extent xii, 244 p. :
Other physical details ill. ;
Dimensions 23 cm.
504 ## - BIBLIOGRAPHY, ETC. NOTE
Bibliography, etc. note Includes bibliographical references (p. 234-239) and index.
650 #0 - SUBJECT ADDED ENTRY--TOPICAL TERM
Topical term or geographic name entry element Child psychology.
9 (RLIN) 4292
650 #0 - SUBJECT ADDED ENTRY--TOPICAL TERM
Topical term or geographic name entry element Infant psychology.
9 (RLIN) 4293
650 #0 - SUBJECT ADDED ENTRY--TOPICAL TERM
Topical term or geographic name entry element Child development.
9 (RLIN) 4294
650 #0 - SUBJECT ADDED ENTRY--TOPICAL TERM
Topical term or geographic name entry element Infants
General subdivision Development.
9 (RLIN) 4295
700 1# - ADDED ENTRY--PERSONAL NAME
Personal name Marotz, Lynn R.
9 (RLIN) 4296
856 42 - ELECTRONIC LOCATION AND ACCESS
Materials specified Contributor biographical information
Uniform Resource Identifier <a href="http://www.loc.gov/catdir/enhancements/fy1103/00694635-b.html">http://www.loc.gov/catdir/enhancements/fy1103/00694635-b.html</a>
856 42 - ELECTRONIC LOCATION AND ACCESS
Materials specified Publisher description
Uniform Resource Identifier <a href="http://www.loc.gov/catdir/enhancements/fy1103/00694635-d.html">http://www.loc.gov/catdir/enhancements/fy1103/00694635-d.html</a>
856 41 - ELECTRONIC LOCATION AND ACCESS
Materials specified Table of contents only
Uniform Resource Identifier <a href="http://www.loc.gov/catdir/enhancements/fy1103/00694635-t.html">http://www.loc.gov/catdir/enhancements/fy1103/00694635-t.html</a>
906 ## - LOCAL DATA ELEMENT F, LDF (RLIN)
a 7
b cbc
c copycat
d 2
e ncip
f 19
g y-gencatlg
942 ## - ADDED ENTRY ELEMENTS (KOHA)
Source of classification or shelving scheme
Koha item type Book
Holdings
Withdrawn status Lost status Source of classification or shelving scheme Damaged status Not for loan Collection code Permanent Location Current Location Shelving location Date acquired Total Checkouts Full call number Barcode Date last seen Price effective from Koha item type
            Central Library (CL) Central Library (CL) General Stacks 08/25/2017   305.231 ALL S3H-C-108 08/25/2017 08/25/2017 Book
© 2023 Central Library, National University of Sciences and Technology. All Rights Reserved.